000 00591nam a2200217Ia 4500
003 GCL
008 140319s9999 xx 000 0 eng d
040 _aGCL /
_cGCL
082 0 4 _a332
_bM E
100 1 _aMUNN, GLENN G.
245 1 0 _aENCYCLOPEDIA OF BANKING AND FINANCE, 9TH ED., REVISED AND EXPANDED /
_cMUNN, GLENN G.
700 1 _aGARCIA, F. L.
700 1 _aWOELFEL, CHARLES
260 _a[S.N] :
_bMC GRAW - HILL ،
_c1991
300 _a1097 P
650 0 4 _aBANKING
650 0 4 _aFINANCE
650 0 4 _aBUSINESS
650 0 4 _aENCYCLOPEDIAS AND DICTIONARIES
942 _2ddc
_cBK
999 _c21331
_d21331